| 000 | 00410cam a2200157ua 4500 | ||
|---|---|---|---|
| 020 | _a0-8412-0518-3 | ||
| 041 |
_aeng _h |
||
| 082 |
_a581.31 _bBHU/PL |
||
| 100 | _aBhushan Mandava, N . | ||
| 245 |
_aPlant growth substances / _cN Bhushan Mandava. _hTextual Documents |
||
| 260 |
_aWashington : _bAmerican Chemical Society , _c1979. |
||
| 300 | _a310 ; . | ||
| 504 | _a | ||
| 942 | _cBK | ||
| 999 |
_c7144 _d7144 |
||